Дело об описи и сдаче в ведомство Придворной конторы покоев Зимнего дворца и прочего

Доступно только в Электронных читальных залах Найти на картеНа карте
RUSMARC
00003676nmc2a22002413x 450
0011153e7e6-c9e8-458f-8752-972ecbcb9a19
00520220828120713.0
100##$a20220406l17641768k l0rusy0189 ca
1010#$arus
102##$aRU
105##$ay###
1222#$ad
2001#$aДело об описи и сдаче в ведомство Придворной конторы покоев Зимнего дворца и прочего
$j26 июня 1764 г. - 26 апреля 1768 г.
215##$a76 л.
$d36,5х26 см
251##$cДело
300##$aНа обложке затухающий текст
371##$aДокумент не является опубликованным и широко распространяемым
461#0$1001625a9a7e-a890-4307-a7fe-826a2289a412
$12001
$aГоф-интенданская контора Министерства императорского двора
$1251
$cФонд
$1852
$j470
462#0$10013b995d6e-58fd-412c-9c29-c11444cea082
$12001
$aПо Зимнему дворцу
$1251
$cОпись
$1852
$j1
$l82-516
801#0$aRU
$bРГИА
$c20220406
$gRCR
801#1$aRU
$bГлавНИВЦ
$c20220406
$2rusmarc
801#2$aRU
$bПБ им. Б.Н. Ельцина
$c20220828
$gRCR
$2rusmarc
850##$aРГИА
852##$aРГИА
$eФедеральное казенное учреждение "Российский государственный исторический архив" (РГИА)
$j37
937##$hРГИА
$d12382026
$aASBIBLIO_SCAN
035##$aRusGRCC00042464
856##$uhttp://readingroom.main.prlib.ru/item.aspx?id_node=n178487644&mode=full
Формат отображения